00164nam a2200061Ia 4500008004100000100001700041245004400058120527s9999 xx 000 0 und d aCERVENKA, Z. aA History of the Nigerian War 1967-1970